| 000 | 004420000a22001810004500 | ||
|---|---|---|---|
| 003 | MACL | ||
| 005 | 20151219153915.0 | ||
| 008 | 151219b xxu||||| |||| 00| 0 eng d | ||
| 040 |
_aMACL _cMACL |
||
| 041 | _aEnglish | ||
| 082 | _a699.109/REJ | ||
| 100 |
_aRejas, Puertas Y _921482 |
||
| 245 | _aIdea Books of Iron Gates & Grills | ||
| 260 | _bIdea Books | ||
| 350 | _a1250 | ||
| 650 |
_aMetallurgy _921483 |
||
| 942 |
_cBK _k669.109/REJ _2ddc |
||
| 999 |
_c40148 _d40148 |
||